| 000 | 00520nmm a2200157Ia 4500 | ||
|---|---|---|---|
| 008 | 251105s9999||||xx |||||||||||||||||und|| | ||
| 020 | _a9789871518364 | ||
| 041 | _aspa | ||
| 100 | _aSayago, Roberto | ||
| 245 | 0 |
_aLa medicina en Villa María y la región : _b Investigación para una historia sanitaria |
|
| 264 |
_a[Buenos Aires, Argentina] : _bEduvim, _c2009 |
||
| 300 | _a508 páginas | ||
| 650 | _aHistory of the Americas: Latin America | ||
| 856 | _uhttps://public.digitaliapublishing.com/a/14521 | ||
| 942 | _cCF | ||
| 999 |
_c97246 _d97246 |
||